Самые богатые бизнесмены России - Statistics

General Stats
  • This quiz has been taken 36 times
    2 since last reset
  • The average score is 29 of 100
Answer Stats
# Состояние, млрд $ Источник благосостояния Имя % Correct
1 28,7 Лукойл Вагит Алекперов
100%
5 24,2 Интеррос Владимир Потанин
100%
8 17,1 Telegram Павел Дуров
100%
11 14,9 LetterOne Михаил Фридман
100%
20 9,2 Millhouse Роман Абрамович
100%
27 6 Евраз Александр Абрамов
100%
37 4,1 En+ Group Олег Дерипаска
100%
3 28,4 Новатэк Леонид Михельсон
50%
4 26,5 Новолипецкий металлургический комбинат Владимир Лисин
50%
6 23,2 Новатэк Геннадий Тимченко
50%
7 17,4 Еврохим Андрей Мельниченко
50%
9 16,7 USM Алишер Усманов
50%
10 16,4 Полюс Сулейман Керимов
50%
12 10,7 ОНЭКСИМ Михаил Прохоров
50%
13 10,4 Лукойл Леонид Федун
50%
14 9,8 Playrix Дмитрий Бухман
50%
15 9,8 Playrix Игорь Бухман
50%
16 9,6 Магнитогорский металлургический комбинат Виктор Рашников
50%
17 9,6 LetterOne Герман Хан
50%
18 9,5 Фосагро Андрей Гурьев
50%
19 9,5 Акрон Вячеслав Кантор
50%
21 9,2 Ренова Виктор Вексельберг
50%
23 7,5 Фармстандарт Виктор Харитонин
50%
24 7,4 USM Андрей Скоч
50%
25 7,3 Уральская горно-металлургическая компания Искандер Махмудов
50%
28 5,8 Сафмар Михаил Гуцериев
50%
29 5,5 TPS Avia Аркадий Ротенберг
50%
30 5,2 RTP Global Леонид Богуславский
50%
33 4,7 LetterOne Пётр Авен
50%
34 4,6 Wildberries Татьяна Ким
50%
40 3,4 Уральская горно-металлургическая компания Андрей Козицын
50%
41 3,4 Киевская площадь Год Нисанов
50%
42 3,2 Уральская горно-металлургическая компания Андрей Бокарев
50%
43 3,2 Магнит Сергей Галицкий
50%
46 3,1 Фосагро Владимир Литвиненко
50%
48 3 Инвестиции Сергей Попов
50%
49 2,9 Русская медная компания Иван Алтушкин
50%
50 2,9 ПИК Сергей Гордеев
50%
51 2,9 Русагро Вадим Мошкович
50%
56 2,5 АЭОН Роман Троценко
50%
61 2,3 Р-Фарм Алексей Репик
50%
62 2,3 TPS Александр Скоробогатько
50%
65 2,2 Инвестиции Игорь Ротенберг
50%
67 2,1 Инвестиции Андрей Андреев
50%
70 2,1 TPS Александр Пономаренко
50%
78 1,9 Южуралзолото Константин Струков
50%
85 1,6 Инвестиции Саид Гуцериев
50%
87 1,6 Инвестиции Иван Саввиди
50%
88 1,6 Новатэк Леонид Симановский
50%
99 1,3 Россиум Роман Авдеев
50%
2 28,6 Северсталь Алексей Мордашов
0%
22 7,5 LetterOne Алексей Кузьмичев
0%
26 6,4 Инвестиции Дмитрий Рыболовлев
0%
31 5 Эльга Альберт Авдолян
0%
32 4,8 Иркутская нефтяная компания Николай Буйнов
0%
35 4,5 ГК Меркурий Игорь Кесаев
0%
36 4,4 Kismet Capital Group Иван Таврин
0%
38 4,1 Фармстандарт Егор Кульков
0%
39 3,4 Площадь Европы Зарах Илиев
0%
44 3,2 ГК Ташир Самвел Карапетян
0%
45 3,2 ВСМПО-Ависма Михаил Шелков
0%
47 3 Банк Россия Юрий Ковальчук
0%
52 2,9 ТМК Дмитрий Пумпянский
0%
53 2,8 ОМК Анатолий Седых
0%
54 2,6 Евраз Александр Фролов
0%
55 2,5 ОТЭКО Мишель Литвак
0%
57 2,4 Технониколь Сергей Колесников
0%
58 2,4 Технониколь Игорь Рыбаков
0%
59 2,4 Абсолют Александр Светаков
0%
60 2,3 Содружество Александр Луценко
0%
63 2,3 Регион Сергей Судариков
0%
64 2,2 Уралхим Дмитрий Мазепин
0%
66 2,2 Сибур Айрат Шаймиев
0%
68 2,1 Илим Борис Зингаревич
0%
69 2,1 Инвестиции Виталий Орлов
0%
71 2,1 Инвестиции Викрам Пуния
0%
72 2,1 Илим Захар Смушкин
0%
73 2,1 Инвестиции Сергей Студенников
0%
74 2,1 S7 Group Владислав Филёв
0%
75 2,1 Сибур Радик Шаймиев
0%
76 2 ТАИФ Рустем Сультеев
0%
77 2 ТАИФ Альберт Шигабутдинов
0%
79 1,9 Инвестиции Владимир Фартушняк
0%
80 1,9 Инвестиции Гаврил Юшваев
0%
81 1,7 Система Владимир Евтушенков
0%
82 1,7 Kaspersky Lab Евгений Касперский
0%
83 1,7 Протэк Вадим Якунин
0%
84 1,6 Инвестиции Фархад Ахмедов
0%
86 1,6 ГК Меркурий Сергей Кациев
0%
89 1,6 Fix Price Артём Хачатрян
0%
90 1,5 DNS Дмитрий Алексеев
0%
91 1,5 Finstar Олег Бойко
0%
92 1,5 DME Дмитрий Каменщик
0%
93 1,5 Инвестиции Николай Фартушняк
0%
94 1,4 Сургутнефтегаз Владимир Богданов
0%
95 1,4 Синдика Арсен Каноков
0%
96 1,4 Стройсервис Дмитрий Николаев
0%
97 1,4 Дело Сергей Шишкарев
0%
98 1,4 Долинск Денис Штенгелов
0%
100 1,3 Инвестиции Елена Батурина
0%
No matching quizzes found
Score Distribution
Percent of People with Each Score
Percentile by Number Answered
Your Score History
You have not taken this quiz since the last reset